Trzy prawdziwe i jedna fałszywa - flagi państw. - Statystyki

Ogólne statystyki
  • Ten quiz został rozwiązany 9 853 razy
  • Średni wynik to 13 z 15
Statystyki odpowiedzi
Zagadnienie Odpowiedź % Poprawnych
Która NIE jest flagą niepodległego kraju?
95%
Która NIE jest flagą niepodległego kraju?
94%
Która NIE jest flagą niepodległego kraju?
93%
Która NIE jest flagą niepodległego kraju?
93%
Która NIE jest flagą niepodległego kraju?
92%
Która NIE jest flagą niepodległego kraju?
91%
Która NIE jest flagą niepodległego kraju?
90%
Która NIE jest flagą niepodległego kraju?
89%
Która NIE jest flagą niepodległego kraju?
87%
Która NIE jest flagą niepodległego kraju?
87%
Która NIE jest flagą niepodległego kraju?
84%
Która NIE jest flagą niepodległego kraju?
83%
Która NIE jest flagą niepodległego kraju?
82%
Która NIE jest flagą niepodległego kraju?
80%
Która NIE jest flagą niepodległego kraju?
77%
Nie znaleziono quizów pasujących do podanych kryteriów
Rozkład punktacji
Procent ludzi z każdym wynikiem
Percentyl według liczby udzielonych odpowiedzi
Twoja historia wyników
Nie rozwiązałeś tego quizu